Direito civil : (Record no. 675)

MARC details
000 -LÍDER
Campo Fixo de Controle 00790nam a2200253 a 4500
001 - NÚMERO DE CONTROLE
Campo de Controle 675
003 - IDENTIFICAÇÃO DO NÚMERO DE CONTROLE
Campo de Controle BR-CuiBMT
005 - DATA E HORA DA ÚLTIMA ATUALIZAÇÃO
Campo de Controle 20231127144209.0
008 - DADOS FIXOS
Dados Fixos 231113s2015 bab 000 0 por d
020 ## - INTERNATIONAL STANDARD BOOK NUMBER
Nº do ISBN 8544205046
040 ## - AGÊNCIA CATALOGADORA
Código da Agência Catalogadora BR-CuiBMT
Agência que transcreveu o registro BR-CuiBMT
080 ## - Nº DA CLASSIFICAÇÃO DECIMAL UNIVERSAL
Nº edição CDU 2007
Nº Class. CDU 347
Subd. Auxiliar Comum (079.1)
090 ## - NÚMERO DE CHAMADA
Nº classificação 347(079.1)
Cutter F475d
100 1# - ENTRADA PRINCIPAL -- AUTOR PESSOAL
Nome pessoal Figueiredo, Luciano L.
245 10 - TÍTULO PRINCIPAL
Título principal Direito civil :
Subtítulo direitos reais /
Indicação de responsabilidade Luciano L. Figueiredo ; Roberto L. Figueiredo.
260 ## - PUBLICAÇÃO, DISTRIBUIÇÃO, ETC.
Local de publicação Salvador :
Editora JusPODIVM,
Data 2015.
300 ## - DESCRIÇÃO FÍSICA
N. páginas ou volumes 457 p. ;
Dimensões 21 cm
490 1# - INDICAÇÃO DE SÉRIE
Título da série Coleção sinopses para concursos ;
Volume/designação sequencial da série v. 12
650 ## - ASSUNTO TÓPICO
Cabeçalho tópico ou nome geográfico Direito civil
Subdivisão geográfica Brasil
650 ## - ASSUNTO TÓPICO
Cabeçalho tópico ou nome geográfico Direito civil
Subdivisão geral Problemas, questões, exercícios
700 1# - ENTRADA SECUNDÁRIA -- NOME PESSOAL
Nome pessoal Figueiredo, Roberto L.
830 #0 - ENTRADA SECUNDÁRIA DE SÉRIE -- TÍTULO UNIFORME
Título uniforme Sinopses para concursos ;
Nº do volume/designação sequencial da série 12
942 ## - ELEMENTOS DE ENTRADA ADICIONAIS (KOHA)
Fonte de classificação ou esquema de arquivamento Classificação Decimal Universal
Tipo de item do Koha Livros
Holdings
Estado: removido Estado: perdido Fonte de classificação ou esquema de arquivamento Estado: danificado Indisponível para empréstimo Localização permanente Localização atual Data de aquisição Total Checkouts Número de Chamada completo Código de barras Date last seen Número do exemplar Preço efetivo a partir de Tipo de item (Koha)
    Classificação Decimal Universal     Biblioteca da Escola Superior de Contas do TCE/MT Biblioteca da Escola Superior de Contas do TCE/MT 17/06/2019   347(079.1) F475d BIBTCEMT23110519 13/11/2023 Ex. 1 13/11/2023 Livros

Powered by Koha